000
00295nam a22001337a 4500
008
170601b xxu||||| |||| 00| 0 eng d
020
_a
9781568029320
041
_a
eng
080
_2
2ND
_a
94(100)
100
_a
17
101
_a
SHH
245
_a
POLITICS IN ISRAEL
_c
ARIAN,A
942
_2
udc
_c
BK
999
_c
15506
_d
15506